000 00218 a2200097 4500
001 43452
100 _aShakspeare
245 _aWinter's Tale
260 _aLondon
_bCambridge University Press
_c
090 _c27275
_d27275
942 _aNUST-CAE
_cM
_c19197
999 _c278525
_d278525